|
|
|
|
| LEADER |
00000cam a2200000 c 4500 |
| 001 |
235128805 |
| 003 |
DE-627 |
| 005 |
20260206193434.0 |
| 007 |
tu |
| 008 |
971007s1998 gw ||||| m 00| ||ger c |
| 015 |
|
|
|a 97,N42,0236
|2 dnb
|
| 015 |
|
|
|a 98,A07,0579
|2 dnb
|
| 016 |
7 |
|
|a 951546872
|2 DE-101
|
| 020 |
|
|
|a 3110157241
|c : ca. DM 288.00 (Gb.)
|9 3-11-015724-1
|
| 035 |
|
|
|a (DE-627)235128805
|
| 035 |
|
|
|a (DE-603)055714927
|
| 035 |
|
|
|a (DE-576)061206091
|
| 035 |
|
|
|a (DE-599)GBV235128805
|
| 035 |
|
|
|a (OCoLC)845017070
|
| 035 |
|
|
|a (OCoLC)40300870
|
| 035 |
|
|
|a (DE-604)8115635459
|
| 040 |
|
|
|a DE-627
|b ger
|c DE-627
|e rakwb
|
| 041 |
|
|
|a ger
|
| 044 |
|
|
|c XA-DE
|c XD-US
|
| 072 |
|
7 |
|a LAW026000
|2 bisacsh
|
| 082 |
0 |
|
|a 345.06
|q SEPA
|2 22
|
| 084 |
|
|
|a 19
|2 sdnb
|
| 084 |
|
|
|a PH 6050
|2 rvk
|0 (DE-625)rvk/136214:
|
| 084 |
|
|
|a PH 6040
|2 rvk
|0 (DE-625)rvk/136213:
|
| 084 |
|
|
|a PH 3130
|2 rvk
|0 (DE-625)rvk/136030:
|
| 084 |
|
|
|a 86.34
|2 bkl
|
| 084 |
|
|
|a 86.06
|2 bkl
|
| 100 |
1 |
|
|a Stuckenberg, Carl-Friedrich
|d 1964-
|0 (DE-588)123192196
|0 (DE-627)082402639
|0 (DE-576)177485787
|4 aut
|
| 109 |
|
|
|a Stuckenberg, Carl-Friedrich 1964-
|
| 245 |
1 |
0 |
|a Untersuchungen zur Unschuldsvermutung
|c Carl-Friedrich Stuckenberg
|
| 264 |
|
1 |
|a Berlin [u.a.]
|b de Gruyter
|c 1998
|
| 300 |
|
|
|a XXIX, 653 S.
|b graph. Darst.
|c 23 cm
|
| 336 |
|
|
|a Text
|b txt
|2 rdacontent
|
| 337 |
|
|
|a ohne Hilfsmittel zu benutzen
|b n
|2 rdamedia
|
| 338 |
|
|
|a Band
|b nc
|2 rdacarrier
|
| 500 |
|
|
|a Literaturverz. S. [581] - 635
|
| 502 |
|
|
|a Zugl.: Bonn, Univ., Diss., 1996/97
|
| 655 |
|
7 |
|a Hochschulschrift
|0 (DE-588)4113937-9
|0 (DE-627)105825778
|0 (DE-576)209480580
|2 gnd-content
|
| 689 |
0 |
0 |
|d s
|0 (DE-588)4186955-2
|0 (DE-627)105275700
|0 (DE-576)210042656
|a Unschuldsvermutung
|2 gnd
|
| 689 |
0 |
|
|5 DE-101
|
| 751 |
|
|
|a Bonn
|0 (DE-588)4007666-0
|0 (DE-627)106372270
|0 (DE-576)208871632
|4 uvp
|
| 856 |
4 |
2 |
|u http://www.gbv.de/dms/spk/sbb/recht/toc/280006438.pdf
|x Verlag
|z kostenfrei
|3 Inhaltsverzeichnis
|7 0
|
| 935 |
|
|
|i Blocktest
|
| 935 |
|
|
|h HEB
|i 0501
|
| 935 |
|
|
|h HEB
|i 0503
|
| 936 |
r |
v |
|a PH 6050
|b Vergleichendes Strafprozessrecht
|k Rechtswissenschaft
|k Strafrecht, Strafverfahrensrecht, Kriminologie
|k Vergleichendes und ausländisches Straf- und Strafprozessrecht einschliesslich Strafvollzug
|k Rechtsvergleich
|k Vergleichendes Strafprozessrecht
|0 (DE-627)1272128768
|0 (DE-625)rvk/136214:
|0 (DE-576)202128768
|
| 936 |
r |
v |
|a PH 6040
|b Vergleichendes Strafrecht
|k Rechtswissenschaft
|k Strafrecht, Strafverfahrensrecht, Kriminologie
|k Vergleichendes und ausländisches Straf- und Strafprozessrecht einschliesslich Strafvollzug
|k Rechtsvergleich
|k Vergleichendes Strafrecht
|0 (DE-627)1271793709
|0 (DE-625)rvk/136213:
|0 (DE-576)201793709
|
| 936 |
r |
v |
|a PH 3130
|b Schuldfähigkeit, Unrechtsbewusstsein, Entschuldigungsgründe
|k Rechtswissenschaft
|k Strafrecht, Strafverfahrensrecht, Kriminologie
|k Strafrecht
|k Schuld
|k Schuldfähigkeit, Unrechtsbewusstsein, Entschuldigungsgründe
|0 (DE-627)1271677091
|0 (DE-625)rvk/136030:
|0 (DE-576)201677091
|
| 936 |
b |
k |
|a 86.34
|j Strafrecht: Allgemeiner Teil
|0 (DE-627)10641674X
|
| 936 |
b |
k |
|a 86.06
|j Rechtsvergleichung
|j Rechtsvereinheitlichung
|0 (DE-627)106410687
|
| 936 |
s |
n |
|a p100
|2 mzub
|
| 951 |
|
|
|a BO
|
| ELC |
|
|
|b 1
|
| LOK |
|
|
|0 000 xxxxxcx a22 zn 4500
|
| LOK |
|
|
|0 001 3204724123
|
| LOK |
|
|
|0 003 DE-627
|
| LOK |
|
|
|0 004 235128805
|
| LOK |
|
|
|0 005 20151116135826
|
| LOK |
|
|
|0 008 150728||||||||||||||||ger|||||||
|
| LOK |
|
|
|0 035
|a (DE-21-110)kd54749
|
| LOK |
|
|
|0 040
|a DE-21-110
|c DE-627
|d DE-21-110
|
| LOK |
|
|
|0 689
|a s
|a Unschuldsvermutung
|
| LOK |
|
|
|0 689
|a s
|a Menschenrechtskonvention
|
| LOK |
|
|
|0 852
|z Kein Bestand am IfK; Nachweis für KrimDok
|
| LOK |
|
|
|0 852
|a DE-21-110
|
| LOK |
|
|
|0 852 1
|9 00
|
| LOK |
|
|
|0 935
|a k110
|
| LOK |
|
|
|0 939
|a 28-07-15
|b l01
|
| ORI |
|
|
|a SA-MARC-krimdoka001.raw
|